ბათუმის შოთა რუსთაველის სახელმწიფო უნივერსიტეტის ბიბლიოთეკა

Total English : Upper Intermediate Workbook (with key) : (ბიბ.ჩანაწერი № 49641)

000 -LEADER
fixed length control field 00657nam a2200229Ia 4500
001 - CONTROL NUMBER
control field 16573
003 - CONTROL NUMBER IDENTIFIER
control field GE_BSU
005 - DATE AND TIME OF LATEST TRANSACTION
control field 20250130111353.0
008 - FIXED-LENGTH DATA ELEMENTS--GENERAL INFORMATION
fixed length control field 181216s2006||||enk|||||||||||||| ||eng||
010 ## - LIBRARY OF CONGRESS CONTROL NUMBER
LC control number 1405822589
040 ## - CATALOGING SOURCE
Transcribing agency GE_BSU
041 ## - LANGUAGE CODE
Language code of text/sound track or separate title eng
080 ## - UNIVERSAL DECIMAL CLASSIFICATION NUMBER
Universal Decimal Classification number 811.111(075.8) F-72
100 ## - MAIN ENTRY--PERSONAL NAME
Personal name Foley, Mark
9 (RLIN) 24180
245 ## - TITLE STATEMENT
Title Total English : Upper Intermediate Workbook (with key) :
Remainder of title workb. (with key a. CD-ROM) /
Statement of responsibility, etc. Mark Foley.
264 ## - PRODUCTION, PUBLICATION, DISTRIBUTION, MANUFACTURE, AND COPYRIGHT NOTICE
Place of production, publication, distribution, manufacture Harlow :
Name of producer, publisher, distributor, manufacturer Pearson/Longman,
Date of production, publication, distribution, manufacture, or copyright notice [2006].
300 ## - PHYSICAL DESCRIPTION
Extent 82 p. :
Other physical details ill. + [1] CD ;
Dimensions 29 cm.
653 ## - INDEX TERM--UNCONTROLLED
keyword Total English
653 ## - INDEX TERM--UNCONTROLLED
keyword Upper Intermediate Workbook
942 ## - ADDED ENTRY ELEMENTS (KOHA)
Koha item type წიგნი
Source of classification or shelving scheme
ეგზემპლარები
Withdrawn status Lost status Source of classification or shelving scheme Damaged status Not for loan Permanent Location Current Location Shelving location Date acquired Cost, normal purchase price Full call number Barcode Date last seen Copy number Price effective from Koha item type Public note
          ბათუმის შოთა რუსთაველის სახელმწიფო უნივერსიტეტის მთავარი ბიბლიოთეკა ბათუმის შოთა რუსთაველის სახელმწიფო უნივერსიტეტის მთავარი ბიბლიოთეკა წიგნსაცავი 2018-12-17 5.00 811.111(075.8) F-72 27651 2018-12-17 27651 2018-12-17 წიგნი 5.00 ₾.